000 00724nam a2200289Ia 4500
005 20260324121451.0
008 008 260324s9999 xx 000 0 eng d
020 _a9781315757001
037 _aEBOOK
040 _aCRL
040 _beng
040 _cCRL
041 _2eng
041 _aeng
084 _qCRL
100 _aDeborah G. Johnson; Priscilla M. Regan
_91162637
245 0 _aTransparency and Surveillance as Sociotechnical Accountability
245 2 _bA House of Mirrors
260 _bTaylor and Francis
260 _c2014
365 _a
365 _b240
856 _uhttp://www.taylorfrancis.com/books/9781315757001
942 _cEBOOK
999 _c1754742
_d1754742